[Event "R1 Ste Foy-Libre echiquier Muret"]
[Site "Muret CD"]
[Date "2004.10.09"]
[Round "1.1"]
[White "Lacresse, Régis"]
[Black "NN"]
[Result "1-0"]
[WhiteElo "1860"]
[BlackElo "1470"]
[EventDate "2004.??.??"]
[PlyCount "81"]

1.e4 c5 2.f4 Nc6 3.c3 Nf6 4.e5 Nd5 5.d4 e6 6.c4 Nde7 7.d5 Nd4 8.d6 Nef5 9.
Nf3 g6 10.Nc3 a6 11.a4 b6 12.Bd3 Bb7 13.Be4 Nxf3+ 14.Qxf3 Nd4 15.Qd3 Rb8 
16.Be3 Qh4+ 17.g3 Bxe4 18.Qxe4 Qh3 19.Bxd4 cxd4 20.Qxd4 Qg2 21.O-O-O Bg7 
22.Qe4 Qh3 23.Qe3 Qg2 24.Ne4 f5 25.exf6 Bh6 26.h3 e5 27.Rdg1 Qxg3 28.Qxg3 
Bxf4+ 29.Qxf4 exf4 30.Rg4 O-O 31.Rxf4 h6 32.Kd2 Rf7 33.Kd3 Kh7 34.h4 Re8 
35.Ng5+ hxg5 36.hxg5+ Kg8 37.Rfh4 Rxf6 38.Rh8+ Kf7 39.R1h7+ Ke6 40.Rxe8+ 
Kxd6 41.gxf6 1-0

[Event "N4R1- CASTRES - ALBI"]
[Site "?"]
[Date "2004.10.10"]
[Round "1"]
[White "Serres, Olivier"]
[Black "Le Doare, William"]
[Result "0-1"]
[WhiteElo "1730"]
[BlackElo "1740"]
[EventDate "2004.??.??"]
[PlyCount "62"]

1.e4 e5 2.Nf3 Nf6 3.Nc3 Nc6 4.Bc4 Nxe4 5.Nxe4 d5 6.Bxd5 Qxd5 7.Nc3 Qd8 8.
O-O Bd6 9.d3 O-O 10.Re1 Bg4 11.Ne4 Nd4 12.Ned2 Qf6 13.Re3 Nf5 14.Re1 Qg6 
15.Kh1 Qh5 16.Ne4 Nh4 17.Ng3 Bxf3 18.Nxh5 Bxd1 19.Rxd1 f5 20.Ng3 Bc5 21.
Be3 Bxe3 22.fxe3 f4 23.exf4 exf4 24.Ne4 f3 25.gxf3 Rxf3 26.Rf1 Raf8 27.
Rxf3 Rxf3 28.Nc5 Rf2 29.Ne4 Rxc2 30.Ng5 h6 31.Ne4 Nf3 0-1

[Event "N4R1- CASTRES - ALBI"]
[Site "?"]
[Date "2004.10.10"]
[Round "1"]
[White "Purcell, Brendan"]
[Black "Cazals, Philippe"]
[Result "1-0"]
[WhiteElo "1699"]
[BlackElo "1890"]
[EventDate "2004.??.??"]
[PlyCount "52"]

1.d4 Nf6 2.c4 c5 3.Nf3 g6 4.Nc3 cxd4 5.Nxd4 Bg7 6.e4 Nc6 7.Be3 O-O 8.Be2 
d6 9.O-O a6 10.Rc1 Bd7 11.f4 Rc8 12.Kh1 Nxd4 13.Bxd4 Bc6 14.Bf3 Qa5 15.Qb3
Nd7 16.Bxg7 Kxg7 17.Bg4 Nc5 18.Qc2 e6 19.f5 exf5 20.exf5 Nd7 21.f6+ Nxf6 
22.Bxc8 Rxc8 23.Qf2 Qg5 24.h4 Bxg2+ 25.Qxg2 Qxh4+ 26.Qh2 Qg5 $18 1-0

[Event "N4R1- CASTRES - ALBI"]
[Site "?"]
[Date "2004.10.10"]
[Round "1"]
[White "Lefevre, Gérard"]
[Black "Pantioukhine, Slava"]
[Result "0-1"]
[WhiteElo "1870"]
[BlackElo "1980"]
[EventDate "2004.??.??"]
[PlyCount "68"]

1.d4 d5 2.e4 dxe4 3.f3 e5 4.Be3 exd4 5.Qxd4 Qxd4 6.Bxd4 Nc6 7.Bc3 exf3 8.
Nxf3 f6 9.Nbd2 a6 10.Bc4 Nge7 11.O-O-O Bd7 12.Ne4 O-O-O 13.Nc5 Bg4 14.
Rxd8+ Nxd8 15.Nd4 Nec6 16.Nce6 Nxd4 17.Nxd4 c5 18.Nf3 Bxf3 19.gxf3 b5 20.
Bd3 Nc6 21.Rd1 Kc7 22.Be1 Bd6 23.Bg3 Bxg3 24.hxg3 g6 25.Rh1 Ne5 26.Be2 h6 
27.f4 Nf7 28.Bd3 f5 29.Re1 Kd7 30.a4 c4 31.Bf1 Re8 32.Rd1+ Nd6 33.axb5 
axb5 34.b3 Kc7 {les Blancs abandonnent.} 0-1

[Event "N4R1- CASTRES - ALBI"]
[Site "?"]
[Date "2004.10.10"]
[Round "1"]
[White "Kousnetsoff, Dimitri"]
[Black "Huchet, Francois"]
[Result "0-1"]
[WhiteElo "2040"]
[BlackElo "2040"]
[EventDate "2004.??.??"]
[PlyCount "62"]

1.e4 c5 2.Nf3 e6 3.d4 cxd4 4.Nxd4 Nc6 5.Nc3 d6 6.Be3 Nf6 7.f3 Be7 8.Qd2 a6
9.O-O-O Qc7 10.Kb1 O-O 11.g4 Ne5 12.g5 Nfd7 13.Rg1 Nb6 14.b3 d5 15.Nce2 
Nc6 16.Nxc6 bxc6 17.Ng3 c5 18.Qf2 d4 19.Bc1 c4 20.Nh5 Na4 21.Bd2 d3 22.Rc1
Qe5 23.c3 Bc5 24.Nf6+ Kh8 25.Qh4 gxf6 26.Rg3 Bf2 27.gxf6 Bxg3 28.hxg3 Rb8 
29.Bf4 Nxc3+ 30.Ka1 cxb3 31.Bxe5 b2# 0-1

[Event "N4R1- CASTRES - ALBI"]
[Site "?"]
[Date "2004.10.10"]
[Round "1"]
[White "Carivenc, Thierry"]
[Black "Fabre, Philippe"]
[Result "1-0"]
[WhiteElo "1750"]
[BlackElo "1770"]
[EventDate "2004.??.??"]
[PlyCount "91"]

1.d4 Nf6 2.Nf3 g6 3.b3 Bg7 4.Bb2 d5 5.e3 O-O 6.Bd3 Nbd7 7.Nbd2 c5 8.O-O 
Re8 9.Ne5 Nxe5 10.dxe5 Ng4 11.Nf3 Qc7 12.Ng5 Nxe5 13.Bb5 Rd8 14.Rb1 Ng4 
15.Nf3 Bxb2 16.Rxb2 e5 17.h3 Nf6 18.c3 e4 19.Nd2 Qe5 20.Rc2 a6 21.Be2 Be6 
22.f4 exf3 23.Rxf3 Bf5 24.Rc1 Ne4 25.Qe1 Nxc3 26.Nf1 Nxe2+ 27.Qxe2 Rac8 
28.Qf2 Be6 29.Nd2 b5 30.Rf1 Rd7 31.Rf4 Qb2 32.Qh4 Qxd2 33.R1f3 Qxa2 34.Qh6
Qb1+ 35.Kh2 f5 36.Rg3 Rg7 37.h4 Qd1 38.Rg5 c4 39.h5 c3 40.hxg6 hxg6 41.
Rxg6 Rc7 42.Rh4 Kf8 43.Qh8+ Kf7 44.Rxg7+ Kf6 45.Rxc7+ Kg5 46.Qh6# 1-0

[Event "N4R1- CASTRES - ALBI"]
[Site "?"]
[Date "2004.10.10"]
[Round "1"]
[White "Bottu, Eric"]
[Black "Schegerin, Andre"]
[Result "1-0"]
[WhiteElo "1920"]
[BlackElo "1880"]
[EventDate "2004.??.??"]
[PlyCount "101"]

1.e4 e5 2.Nf3 Nc6 3.Bb5 a6 4.Ba4 Nf6 5.O-O b5 6.Bb3 Be7 7.c3 O-O 8.Re1 d5 
9.exd5 e4 10.dxc6 exf3 11.Qxf3 Bg4 12.Qg3 Bd6 13.Qh4 Re8 14.f3 Rxe1+ 15.
Qxe1 Qe8 16.Qf2 Bf5 17.d4 Qxc6 18.Bg5 Nd5 19.Nd2 h6 20.Be3 Nxe3 21.Qxe3 
Re8 22.Qf2 Bf4 23.Re1 Be6 24.Bxe6 Rxe6 25.Ne4 Qe8 26.g3 f5 27.gxf4 fxe4 
28.fxe4 Rxe4 29.Rxe4 Qxe4 30.h3 Kf7 31.Kh2 Ke6 32.Kg3 Qg6+ 33.Kh2 Qe4 34.
h4 g6 35.Kg3 Kf5 36.Qf3 Qe1+ 37.Kh3 Qg1 38.b3 h5 39.a4 bxa4 40.bxa4 a5 41.
d5 Qa1 42.Qd3+ Kxf4 43.Qg3+ Ke4 44.Qxg6+ Kxd5 45.Qxh5+ Ke4 46.Qxa5 Qg1 47.
Qb4+ Kf5 48.Qb5+ Ke4 49.Qc4+ Kf5 50.Qd5+ Kg6 51.Qg8+ 1-0

[Event "N4 Ramonville - Foix"]
[Site "Ramonville"]
[Date "2004.10.10"]
[Round "1"]
[White "Tromp, HJ."]
[Black "Evrard"]
[Result "1-0"]
[WhiteElo "1950"]
[BlackElo "1750"]
[EventDate "2004.??.??"]
[PlyCount "57"]

1.d4 Nf6 2.c4 d6 3.Nc3 g6 4.e4 Bg7 5.Nf3 O-O 6.Be2 Nbd7 7.O-O c5 8.d5 Qc7 
9.Qc2 a6 10.a4 b6 11.Re1 Ng4 12.Nd2 f5 13.exf5 Nxf2 14.Nf3 Bd4 15.Nxd4 
cxd4 16.Ne4 Rxf5 17.Nxf2 Ne5 18.b3 Bb7 19.Nd3 Raf8 20.Nxe5 dxe5 21.Bf3 Ba8
22.Be4 R5f7 23.Bh6 Rd8 24.Rf1 
    ( 24.Bxg6 $1 )
24...Qd6 25.Rxf7 Kxf7 26.Rf1+ Kg8 27.Qf2 Qf6 28.Qxf6 exf6 29.Rxf6 1-0

[Event "N4 Foix - Ramonville"]
[Site "Ramonville"]
[Date "2004.10.10"]
[Round "1"]
[White "Molet, Asher"]
[Black "Xanthakis, Spyridon"]
[Result "0-1"]
[WhiteElo "1499"]
[BlackElo "1720"]
[EventDate "2004.??.??"]
[PlyCount "114"]

1.c4 f5 2.Nc3 Nf6 3.d4 d6 4.Bg5 g6 5.Nf3 Bg7 6.Qc2 O-O 7.e3 a5 8.Be2 Na6 
9.a3 c6 10.O-O Qe8 11.Rad1 e5 12.d5 c5 13.Nb5 Qe7 14.Nd2 Nc7 15.Nxc7 Qxc7 
16.h3 Bd7 17.Nb3 Ba4 18.Rd3 e4 19.Rc3 Nd7 20.f4 Qb6 21.Bd1 Bxc3 22.Qxc3 
Bxb3 23.Bxb3 a4 24.Bd1 Qa5 25.Be7 Qxc3 26.bxc3 Rfc8 27.Bxd6 Kf7 28.g4 Ra6 
29.Be5 Re8 30.Bc7 Kf6 31.g5+ Kf7 32.Be2 Rc8 33.d6 Ke6 34.Rb1 b6 35.Rd1 Nb8
36.Rd5 Kd7 37.Rd1 Nc6 38.Rb1 Nd8 39.Bd1 Rca8 40.Bc2 Kc6 41.Rd1 Ne6 42.Kf2 
Nxc7 43.dxc7 Kxc7 44.Rd5 Rd8 45.Rxd8 Kxd8 46.Ke2 Kc7 47.Bd1 Ra8 48.Kf2 Kc6
49.Be2 Rd8 50.Ke1 h6 51.h4 hxg5 52.hxg5 Rh8 53.Bd1 b5 54.Be2 b4 55.cxb4 
cxb4 56.axb4 a3 57.c5 a2 0-1

[Event "N4 Foix - Ramonville"]
[Site "Escalquens"]
[Date "2004.10.10"]
[Round "1"]
[White "Maugé"]
[Black "Guillory"]
[Result "0-1"]
[WhiteElo "1720"]
[BlackElo "1870"]
[EventDate "2004.??.??"]
[PlyCount "64"]

1.b4 e5 2.Bb2 Bxb4 3.Bxe5 Nf6 4.c3 Be7 5.Nf3 Nc6 6.h3 d5 7.e3 O-O 8.Bd3 
Ne4 9.Bxe4 dxe4 10.Nd4 Nxe5 11.O-O c5 12.Ne2 Bd6 13.Ng3 Qh4 14.Qh5 Qxh5 
15.Nxh5 Nd3 16.Na3 a6 17.Nc4 Bc7 18.Rab1 b5 19.Na3 Be6 20.Ra1 Rad8 21.Nb1 
Nb2 22.f3 f5 23.Nf4 Bxf4 24.exf4 Bc4 25.Re1 Nd3 26.Re3 Nxf4 27.fxe4 fxe4 
28.Rxe4 Ne2+ 29.Kh2 Rf1 30.Re3 Bd3 31.Rxd3 Rxd3 32.a3 Ng3 0-1

[Event "N4 CASTRES - ALBI"]
[Site "?"]
[Date "2004.10.10"]
[Round "1"]
[White "De Baralle, Michel"]
[Black "Sandel, Frieder"]
[Result "1/2-1/2"]
[WhiteElo "1550"]
[BlackElo "1560"]
[EventDate "2004.??.??"]
[PlyCount "68"]

1.d4 Nf6 2.c4 e6 3.Nc3 Bb4 4.e3 d5 5.Nf3 O-O 6.Bd2 c5 7.a3 Bxc3 8.Bxc3 
cxd4 9.Bxd4 Nbd7 10.Bd3 b6 11.O-O Bb7 12.Rc1 Rc8 13.cxd5 Bxd5 14.Qe2 Qe7 
15.Rc3 e5 16.Rxc8 Rxc8 17.Ba6 Rc7 18.Bc3 Ne4 19.Bb4 Nec5 20.Qd1 Bxf3 21.
Qxf3 e4 22.Qe2 Qe5 23.Bc3 Qe8 24.Bb5 Qe7 25.Rd1 h6 26.Qg4 Nf6 27.Qg3 Rc8 
28.Qd6 Qxd6 29.Rxd6 Ne8 30.Bxe8 Rxe8 31.Kf1 Kf8 32.Bd4 Rc8 33.Bxc5 Rxc5 
34.Ke2 Ke7 1/2-1/2

[Event "N4 - Rodez / Montauban"]
[Site "Rodez"]
[Date "2004.10.10"]
[Round "1"]
[White "Tanguy, Fabien"]
[Black "Canivet, Christophe"]
[Result "1-0"]
[WhiteElo "2094"]
[BlackElo "1954"]
[EventDate "2004.??.??"]
[PlyCount "55"]

1.g3 d5 2.Bg2 e5 3.c4 Nf6 4.cxd5 Nxd5 5.Qa4+ Bd7 6.Qe4 Be6 7.Nc3 Nxc3 8.
bxc3 Nc6 9.Rb1 f5 10.Qa4 Bd7 11.Rxb7 Nb4 12.Qb3 Rb8 13.Rxb8 Qxb8 14.cxb4 
Qb6 15.Nh3 Be6 16.Bd5 Bxd5 17.Qxd5 Bxb4 18.Qa8+ Ke7 19.Qxh8 Bxd2+ 20.Kxd2 
Qb4+ 21.Kd1 Qd4+ 22.Ke1 Qc3+ 23.Kf1 Qxc1+ 24.Kg2 Qc6+ 25.f3 Qc2 26.Qxg7+ 
Kd6 27.Qf8+ Kd5 28.Rd1+ 1-0

[Event "N4 - Rodez / Montauban"]
[Site "Rodez"]
[Date "2004.10.10"]
[Round "1"]
[White "Nougayrede, Jean-Louis"]
[Black "Cuq, Christian"]
[Result "1-0"]
[WhiteElo "1670"]
[BlackElo "1700"]
[EventDate "2004.??.??"]
[PlyCount "89"]

1.d4 Nf6 2.c4 d6 3.Nc3 Bf5 4.Nf3 e6 5.g3 Be7 6.Bg2 Nbd7 7.Nh4 Rb8 8.Nxf5 
exf5 9.O-O O-O 10.Qc2 Re8 11.Qxf5 Nf8 12.Re1 N6d7 13.Qc2 a6 14.e4 Ng6 15.
Be3 c6 16.a4 c5 17.Rad1 b6 18.Nd5 Bf8 19.f4 Kh8 20.e5 Rc8 21.Bh3 Rb8 22.
Bf2 Rb7 23.f5 Ne7 24.e6 fxe6 25.Rxe6 Nxd5 26.cxd5 Nf6 27.Bg2 Ng4 28.Rde1 
Rbe7 29.h3 Nxf2 30.Qxf2 Rxe6 31.dxe6 Be7 32.Qd2 Bf6 33.dxc5 bxc5 34.Rd1 
Bd4+ 35.Kh1 Qc7 36.Bd5 Rb8 37.b3 Rb4 38.Qe2 Qe7 39.Qxa6 h5 40.Qe2 Qg5 41.
Kg2 Qxf5 42.Qf3 Qc2+ 43.Kf1 g6 44.e7 Rb8 45.Qf8+ 1-0

[Event "N4 - Rodez / Montauban"]
[Site "Rodez"]
[Date "2004.10.10"]
[Round "1"]
[White "Le Ligeour, Yann"]
[Black "Archimbeaud, Alain"]
[Result "1-0"]
[WhiteElo "1550"]
[BlackElo "1450"]
[EventDate "2004.??.??"]
[PlyCount "89"]

1.e4 e5 2.Nf3 Nc6 3.Bb5 Nf6 4.O-O Be7 5.Nc3 O-O 6.d3 d6 7.h3 Bd7 8.Nh2 a6 
9.Ba4 b5 10.Bb3 Nd4 11.f4 exf4 12.Bxf4 Ne6 13.Qf3 Nd4 14.Qf2 c5 15.Nf3 Nh5
16.Nxd4 Nxf4 17.Qxf4 Bg5 18.Qxd6 Be3+ 19.Kh1 Bxd4 20.Rab1 Ra7 21.Nd5 Be6 
22.Qg3 b4 23.c3 bxc3 24.bxc3 Bxd5 25.Bxd5 Bxc3 26.Rb3 Bd4 27.Rfb1 Qe7 28.
Rb8 Be5 29.Rxf8+ Kxf8 30.Rb8+ Bxb8 31.Qxb8+ Qe8 32.Qxa7 g6 33.Qxc5+ Kg8 
34.Qc6 Qe5 35.Qc5 Qf4 36.Qg1 Qd2 37.d4 Qf4 38.e5 Qf5 39.Qe1 a5 40.Kg1 Qf4 
41.Qf2 Qc1+ 42.Kh2 Qc7 43.g4 Kg7 44.Kg2 Qe7 45.Qxf7+ 1-0

[Event "N4 - Rodez / Montauban"]
[Site "Rodez"]
[Date "2004.10.10"]
[Round "1"]
[White "Hoareau, Nicolas"]
[Black "Bonnavenc, Arnaud"]
[Result "1-0"]
[WhiteElo "1880"]
[BlackElo "1860"]
[EventDate "2004.??.??"]
[PlyCount "33"]

1.d4 Nf6 2.Nf3 e6 3.Nbd2 c5 4.e3 cxd4 5.exd4 Be7 6.c3 O-O 7.Bd3 d5 8.O-O 
Nc6 9.Ne5 Qc7 10.f4 a6 11.Rf3 g6 12.Qe2 Ne8 13.Rh3 Nxe5 14.fxe5 f6 15.Rxh7
Kxh7 16.Qh5+ Kg8 17.Qxg6+ 1-0

[Event "N4 - Rodez / Montauban"]
[Site "Rodez"]
[Date "2004.10.10"]
[Round "1"]
[White "Gilabert, David"]
[Black "Nenert, Louis"]
[Result "0-1"]
[WhiteElo "1770"]
[BlackElo "1740"]
[EventDate "2004.??.??"]
[PlyCount "88"]

1.f4 d5 2.Nf3 c5 3.d4 Nf6 4.e3 g6 5.c3 Bg7 6.Nbd2 O-O 7.Ne5 Nc6 8.Ndf3 
cxd4 9.exd4 Ne4 10.Be2 f6 11.Nxc6 bxc6 12.O-O Qb6 13.Qc2 Bf5 14.Bd3 c5 15.
Bxe4 dxe4 16.Nd2 e3 17.Qb3+ Qxb3 18.Nxb3 c4 19.Nc5 e2 20.Re1 Bd3 21.b3 e5 
22.bxc4 Bxc4 23.Be3 Bh6 24.g3 exf4 25.Bxf4 g5 26.Be3 f5 27.Nd7 f4 28.gxf4 
gxf4 29.Bf2 Rf7 30.Ne5 Rg7+ 31.Bg3 Ba6 32.c4 fxg3 33.Rxe2 gxh2+ 34.Kxh2 
Bf4+ 35.Kh1 Bxe5 36.dxe5 Bxc4 37.Rd2 Re8 38.Rc1 Ba6 39.Rb1 Bb7+ 40.Kh2 h6 
41.Rd6 Kh7 42.e6 Rf8 43.Rb2 Rf5 44.Rb3 Rg2+ 0-1

[Event "N4 - Rodez / Montauban"]
[Site "Rodez"]
[Date "2004.10.10"]
[Round "1"]
[White "De Biasi, Robert"]
[Black "De Jong, Arjen"]
[Result "0-1"]
[WhiteElo "1770"]
[BlackElo "1690"]
[EventDate "2004.??.??"]
[PlyCount "100"]

1.c4 Nf6 2.g3 g6 3.Nc3 Bg7 4.Bg2 O-O 5.e3 c6 6.d4 d5 7.c5 Nbd7 8.Nf3 b6 9.
cxb6 axb6 10.O-O Ba6 11.Re1 Ne8 12.b3 Nd6 13.Bb2 e6 14.Rb1 c5 15.Kh1 Rc8 
16.Ne2 c4 17.Ba3 Ne4 18.Kg1 Re8 19.Bb2 c3 20.Nxc3 Rxc3 21.Bxc3 Nxc3 22.Qd2
Nxb1 23.Rxb1 Qe7 24.b4 Bc4 25.a4 Ra8 26.Ra1 Bf8 27.b5 Qb4 28.Qc1 Rxa4 29.
Rxa4 Qxa4 30.Nd2 Qxb5 31.Nb1 Qb4 32.h4 Nf6 33.f3 Bh6 34.f4 Ne4 35.Bxe4 
dxe4 36.Nd2 Bd5 37.g4 Bf8 38.Nf1 b5 39.Ng3 f5 40.g5 Qb3 41.h5 Bc4 42.h6 
Ba3 43.Qe1 b4 44.d5 exd5 45.Kh2 Bb2 46.Nf1 Bc3 47.Qf2 Qa2 48.Kg1 Qxf2+ 49.
Kxf2 Bxf1 50.Kxf1 b3 0-1

[Event "N4 - Rodez / Montauban"]
[Site "Rodez"]
[Date "2004.10.10"]
[Round "1"]
[White "Cremers, Bertrand"]
[Black "Ravon, Michel"]
[Result "1/2-1/2"]
[WhiteElo "1570"]
[BlackElo "1600"]
[EventDate "2004.??.??"]
[PlyCount "78"]

1.e4 c6 2.d4 d5 3.exd5 cxd5 4.c4 dxc4 5.Bxc4 e6 6.Nf3 Nf6 7.Nc3 Be7 8.O-O 
O-O 9.Bg5 Nc6 10.Re1 h6 11.Bh4 Na5 12.Bd3 Nc6 13.Bb5 Nb4 14.a3 Nbd5 15.Rc1
a6 16.Bd3 Nf4 17.Bb1 b5 18.b4 Bb7 19.Qd2 Bxf3 20.Qxf4 Bb7 21.Qe3 Rc8 22.
Qd3 g6 23.Qd2 Kg7 24.f3 Rc4 25.Bf2 Qd7 26.Ba2 Rcc8 27.Be3 Rh8 28.Rc2 Nd5 
29.Nxd5 Rxc2 30.Qxc2 exd5 31.Rc1 Rc8 32.Qd2 h5 33.Bh6+ Kg8 34.Be3 Rxc1+ 
35.Qxc1 Qc6 36.Qxc6 Bxc6 37.Kf2 f5 38.f4 Kf7 39.g3 Ke6 1/2-1/2

[Event "N4 - Rodez / Montauban"]
[Site "Rodez"]
[Date "2004.10.10"]
[Round "1"]
[White "Besset, Thierry"]
[Black "Lecoultre, Patrick"]
[Result "0-1"]
[WhiteElo "1790"]
[BlackElo "1753"]
[EventDate "2004.??.??"]
[PlyCount "40"]

1.e4 c5 2.b4 e5 3.Nf3 Nf6 4.Bc4 Qc7 5.Ng5 d5 6.exd5 cxb4 7.Qe2 Bd6 8.a3 h6
9.Ne4 Nxe4 10.Qxe4 Nd7 11.axb4 Nf6 12.Qe2 O-O 13.c3 Bg4 14.f3 Bf5 15.Na3 
a6 16.d3 b5 17.Bxb5 Qxc3+ 18.Kf2 Qxa1 19.g4 axb5 20.gxf5 Rxa3 0-1

[Event "N4 Ramonville - Foix"]
[Site "?"]
[Date "2004.10.10"]
[Round "1"]
[White "Galby, Vassili"]
[Black "Carinola, R."]
[Result "1/2-1/2"]
[WhiteElo "1941"]
[BlackElo "1570"]
[PlyCount "88"]

1.e4 c5 2.Nf3 e6 3.d4 cxd4 4.Nxd4 Nc6 5.Nc3 a6 6.Be2 Nf6 7.a3 Be7 8.O-O 
O-O 9.Be3 d5 10.exd5 exd5 11.Bg5 h6 12.Be3 Be6 13.Bf3 Qd7 14.Nxe6 fxe6 15.
Na4 Rae8 16.Nc5 Bxc5 17.Bxc5 Rf7 18.Bh5 Nxh5 19.Qxh5 Rf5 20.Qe2 Qf7 21.
Rad1 e5 22.Qd2 d4 23.c3 Qd5 24.cxd4 Rd8 25.Qc2 Rg5 26.f3 Nxd4 27.Bxd4 exd4
28.Rd3 Rg6 29.Rfd1 Rgd6 30.Rxd4 Qxd4+ 31.Rxd4 Rxd4 32.Qb3+ Kh8 33.Qxb7 Rd2
34.Qc7 Re8 35.h4 Ree2 36.Qc8+ Kh7 37.Qf5+ Kg8 38.Qc8+ Kh7 39.Qf5+ Kg8 40.
Qg4 Rxb2 41.f4 a5 42.a4 Ra2 43.Qc8+ Kh7 44.Qf5+ Kg8 1/2-1/2

[Event "N4 Ramonville - Foix"]
[Site "?"]
[Date "2004.10.10"]
[Round "1"]
[White "Faure, Nicolas"]
[Black "Luneau, Gilles"]
[Result "1/2-1/2"]
[WhiteElo "2004"]
[BlackElo "1950"]
[PlyCount "79"]

1.e4 c5 2.Nf3 e6 3.d4 cxd4 4.Nxd4 a6 5.Bd3 b5 6.a4 b4 7.Qe2 Bb7 8.c4 Nc6 
9.Nxc6 Bxc6 10.Nd2 a5 11.O-O d6 12.Nb3 Be7 13.Nd4 Bd7 14.Nb5 Nf6 15.Bg5 
Bxb5 16.axb5 Nd7 17.Bxe7 Qxe7 18.f4 O-O 19.Rae1 Nc5 20.Bb1 Qa7 21.Kh1 e5 
22.f5 f6 23.Qd2 Rfd8 24.Qd5+ Kh8 25.g4 Qb7 26.Qd2 Nb3 27.Qe3 Nd4 28.g5 Rf8
29.gxf6 Rxf6 30.Qg5 Raf8 31.Kg1 Qd7 32.Qe3 Qf7 33.Bd3 Qa7 34.Ra1 Ne2+ 35.
Kf2 Nd4 36.Ra4 Rh6 37.Kg2 Qa8 38.Kg1 Qa7 39.Kg2 Qa8 40.Kg1 1/2-1/2

[Event "N4 Foix - Ramonville"]
[Site "?"]
[Date "2004.10.10"]
[Round "1"]
[White "Masot, Liberto"]
[Black "Legros, Jean-Luc"]
[Result "0-1"]
[WhiteElo "1760"]
[BlackElo "1980"]
[Annotator "Legros Jean-Luc"]
[PlyCount "66"]

1.d4 d5 2.Nf3 c6 3.e3 Nf6 4.Bd3 Bg4 5.Nbd2 e6 6.O-O Nbd7 7.Re1 c5 8.c3 
cxd4 9.exd4 Bd6 10.Nf1 O-O {Menace ...e5} 11.h3 Bh5 12.g4 $6 
    ( 12.Ng3 )
12...Bg6 13.Bg5 Bxd3 14.Qxd3 Qc7 15.Bxf6 Nxf6 16.N1d2 b5 $5 {Petite 
attaque de minorite pour creer des faiblesses} 17.a3 
    ( 17.Qxb5 $6 Rfb8 18.Qd3 Rxb2 19.c4 
        ( 19.Nb3 Rb8 20.Reb1 Ba3 21.Ne5 Ne4 22.c4 dxc4 23.Qxe4 cxb3 24.
        axb3 R8xb3 $15 )
    19...dxc4 
        ( 19...h6 20.c5 Bf4 21.Reb1 Rab8 22.Nb3 Rxb1+ 23.Rxb1 a5 )
    20.Nxc4 Rb4 21.Rac1 Bf4 22.Rc2 Qd8 )
17...a5 18.b4 Qc6 {c3 et a3 sont des cibles potentielles} 19.Ne5 Bxe5 20.
dxe5 Nd7 21.bxa5 Rxa5 22.Nb3 Ra4 23.Nd4 Qc4 24.Qxc4 bxc4 25.f4 Rfa8 26.Nc2
$6 {Passif, donc perdant a long terme} 
    ( 26.Reb1 {Empeche indirectement la prise en a3} 26...h6 {Menace Txa3}
        ( 26...Rxa3 $2 27.Rxa3 Rxa3 28.Rb7 Nf8 29.Rb8 g6 30.f5 gxf5 31.
        gxf5 exf5 32.Nc6 Kg7 33.Ne7 Ne6 
            ( 33...Ng6 $4 34.Nxf5# )
            ( 33...Rxc3 34.Nxf5+ Kg6 35.Ne7+ $11 Kg7 36.Nf5+ $11 )
        34.Rg8+ Kh6 35.Nxf5+ Kh5 36.Ng3+ $11 )
    27.Nc2 g5 28.fxg5 hxg5 29.Re1 Nc5 30.Re3 Nd3 31.Kh2 Rb8 {Menace Tb3} 
    32.Nd4 Rb2+ 33.Kg3 $13 Nc5 34.Rf3 Nb3 $19 )
    ( 26.f5 $1 {Activite, activite !!!} 26...Rxa3 27.Rxa3 Rxa3 28.fxe6 
    fxe6 29.Nxe6 Rxc3 30.Nc7 Rd3 
        ( 30...Rxh3 31.Nxd5 Kf8 32.Kg2 Rd3 33.Nf4 {Pas clair} )
    31.e6 Nf6 32.e7 Kf7 33.e8=Q+ Nxe8 34.Nxe8 c3 {il semble que les noirs 
    gagnent, mais ce n'est pas evident.} )
26...Nc5 27.Rab1 Nb3 {Menace Cd2-f3} 28.Re2 g6 29.Kg2 Nc5 30.Kf3 $2 Ne4 
31.Rb4 
    ( 31.Rxe4 dxe4+ 32.Kxe4 Rd8 33.Rb4 Rxb4 34.cxb4 Rd3 35.h4 Rc3 $19 )
    ( 31.Re3 $4 Nd2+ $19 )
31...Nxc3 32.Re3 Rxb4 33.Rxc3 $4 
    ( 33.axb4 Na2 34.f5 Rb8 35.Ra3 Nxb4 36.Nxb4 Rxb4 37.Ra8+ Kg7 38.f6+ 
    Kh6 39.h4 g5 $19 )
33...Rb3 0-1

[Event "NIV CEIT-Castel/Moissac"]
[Site "?"]
[Date "2004.10.10"]
[Round "1"]
[White "Riviere, Frederic"]
[Black "Druilhe, Loic"]
[Result "1/2-1/2"]
[WhiteElo "1870"]
[BlackElo "1640"]
[EventDate "2004.10.12"]
[PlyCount "101"]

1.e4 e5 2.Bc4 Bc5 3.Nf3 Nc6 4.c3 Nf6 5.d4 exd4 6.e5 d5 7.exd6 Qxd6 8.O-O 
O-O 9.cxd4 Nxd4 10.Nxd4 Bxd4 11.Nd2 Bg4 12.Qb3 Bb6 13.Nf3 h6 14.Be3 Bxf3 
15.Bxb6 Ng4 16.g3 Bc6 17.Rad1 Qg6 18.Bxc7 Nxh2 19.Bd5 Bxd5 20.Qxd5 Nxf1 
21.Kxf1 Qa6+ 22.Kg1 Rac8 23.Be5 Qc6 24.Qa5 Rfe8 25.Bc3 a6 26.Qf5 Rcd8 27.
Rc1 Qe6 28.Qf4 Qd7 29.Be5 Rc8 30.Bc3 Rc6 31.Kh2 Qd6 32.Qg4 f6 33.Rd1 Qe6 
34.Qh5 Qf7 35.Qg4 Rce6 36.Kg2 Re4 37.Qf5 R4e7 38.Rd6 Re6 39.Rd1 R6e7 40.a3
Kh8 41.Qf4 Rd7 42.Rc1 Red8 43.Qg4 Qb3 44.Kh2 Rd1 45.Bxf6 gxf6 46.Rc7 R1d7 
47.Rxd7 Rxd7 48.Qxd7 Qxb2 49.Qd8+ Kg7 50.Qd7+ Kg6 51.Qg4+ 1/2-1/2

[Event "NIV CEIT-Castel/Moissac"]
[Site "?"]
[Date "2004.10.10"]
[Round "1"]
[White "Rigal, Samy"]
[Black "Prieur, Axel"]
[Result "1-0"]
[WhiteElo "1620"]
[BlackElo "1700"]
[EventDate "2004.10.12"]
[PlyCount "63"]

1.d4 Nf6 2.c4 e6 3.Nf3 d5 4.e3 c5 5.Nc3 cxd4 6.exd4 Bb4 7.cxd5 Nxd5 8.Bd2 
O-O 9.a3 Ba5 10.Bd3 Nc6 11.Qc2 f5 12.O-O Bb6 13.Ne2 Qf6 14.Bc3 Bd7 15.Qd2 
Nxc3 16.bxc3 Rac8 17.Rfe1 Na5 18.Qa2 Rfe8 19.a4 Bc6 20.Ne5 Qh6 21.Nxc6 
Rxc6 22.Bb5 Bc7 23.Ng3 a6 24.Bxc6 Nxc6 25.d5 Nd8 26.Rad1 Bxg3 27.hxg3 Kh8 
28.dxe6 Qf6 29.Qb3 Nxe6 30.Qxb7 h6 31.Qxa6 Qf7 32.Qb6 1-0

[Event "NIV CEIT-Castel/Moissac"]
[Site "?"]
[Date "2004.10.10"]
[Round "1"]
[White "Muneret, Maurice"]
[Black "Lacroix, Romain"]
[Result "0-1"]
[WhiteElo "1760"]
[BlackElo "2065"]
[EventDate "2004.10.12"]
[PlyCount "76"]

1.e4 e5 2.Nf3 Nf6 3.Nxe5 d6 4.Nf3 Nxe4 5.d3 Nf6 6.d4 d5 7.Bg5 Bd6 8.Bd3 
O-O 9.O-O Bg4 10.Nbd2 Nbd7 11.c3 c6 12.Qc2 Qc7 13.Rfe1 Bh5 14.h3 Bg6 15.
Bxf6 Nxf6 16.Ne5 Bxd3 17.Qxd3 Rfe8 18.Nef3 Nh5 19.g3 Bxg3 20.Ng5 Bh2+ 21.
Kh1 g6 22.Ngf3 Bd6 23.Ne5 Bxe5 24.Rxe5 Rxe5 25.dxe5 Qxe5 26.Nf3 Qd6 27.Nd4
Re8 28.Rd1 Qf4 29.Qf3 Qxf3+ 30.Nxf3 Re2 31.Rd2 Re7 32.Kg2 Kg7 33.Nd4 Nf4+ 
34.Kg3 Ne6 35.Re2 Kf6 36.Nc2 Nc5 37.Rxe7 Kxe7 38.Nb4 a5 0-1

[Event "NIV CEIT-Castel/Moissac"]
[Site "?"]
[Date "2004.10.10"]
[Round "1"]
[White "Lafuma, Antoine"]
[Black "Sangoi, Jean-Jacques"]
[Result "1-0"]
[WhiteElo "1710"]
[BlackElo "1840"]
[EventDate "2004.10.12"]
[PlyCount "103"]

1.e4 c5 2.Nf3 d6 3.Bb5+ Bd7 4.Bxd7+ Qxd7 5.O-O Nc6 6.c3 g6 7.d4 cxd4 8.
cxd4 Bg7 9.Nc3 e6 10.Re1 Nge7 11.d5 Ne5 12.Nxe5 dxe5 13.dxe6 Qxe6 14.Nb5 
Qc6 15.Qb3 O-O 16.Bg5 Nc8 17.Rac1 Qb6 18.Red1 a6 19.Nc7 Qxb3 20.axb3 Rb8 
21.Nd5 f6 22.Be3 Rf7 23.Bc5 Bf8 24.Bxf8 Kxf8 25.Nxf6 Rxf6 26.Rd8+ Kg7 27.
Rcxc8 Rxc8 28.Rxc8 Rb6 29.Rc3 Kf6 30.Kf1 Rb4 31.f3 h5 32.Ke2 Rb5 33.h4 Ra5
34.Kd2 Ra1 35.Rc1 Ra2 36.Kc3 Ra5 37.Kb4 Rb5+ 38.Ka4 Rb6 39.b4 Rd6 40.Rc7 
Rb6 41.g4 g5 42.hxg5+ Kxg5 43.gxh5 Kxh5 44.Rc5 Kg5 45.Rxe5+ Kf4 46.Rf5+ 
Ke3 47.e5 Rb5 48.f4 Ke4 49.Rf7 Kd5 50.Rc7 Ke6 51.Rc5 Rb6 52.Ka5 1-0

[Event "NIV CEIT-Castel/Moissac"]
[Site "?"]
[Date "2004.10.10"]
[Round "1"]
[White "Dirat, Sylvain"]
[Black "Guirand, Solal"]
[Result "1-0"]
[WhiteElo "1760"]
[BlackElo "1499"]
[EventDate "2004.10.12"]
[PlyCount "67"]

1.d4 d5 2.Bg5 Nc6 3.Nc3 h6 4.Bh4 g5 5.Bg3 Bg7 6.e3 e6 7.Nf3 Nge7 8.Nb5 e5 
9.Nxe5 Nf5 10.Nxc6 bxc6 11.Nxc7+ Kf8 12.Nxa8 Nxg3 13.hxg3 Bb7 14.Qd2 Bxa8 
15.Qb4+ Kg8 16.c4 Bf8 17.c5 Kg7 18.Bd3 Be7 19.O-O-O Qc7 20.Qa4 Rb8 21.Rh2 
Qb7 22.b3 Bd8 23.Rdh1 Bf6 24.Rxh6 a6 25.Qxa6 Qb4 26.Kc2 Bb7 27.Qa4 Qxa4 
28.bxa4 Bc8 29.Rh7+ Kg8 30.R1h6 Bg7 31.Rxc6 Bd7 32.Ra6 f5 33.Rh1 Rf8 34.
Rb1 1-0